000
00303nam a22001217a 4500
008
170228b xxu||||| |||| 00| 0 eng d
041
_a
eng
080
_a
616.8-006
100
_a
6
101
_a
SHM
245
_a
TAMOXIFEN FOR THE TREATMENT AND PREVENTION OF BREAST CANCER
_c
JORDAN, V.C
942
_2
udc
_c
BK
999
_c
6414
_d
6414